| 000 | 01525cab a2200385 4500 | ||
|---|---|---|---|
| 001 | ABS51462 | ||
| 008 | 090401t1994 xxu||||| |||| 00| 0 eng d | ||
| 035 | _a(Sirsi) u28419 | ||
| 041 | _aeng | ||
| 100 | _aAbraham, H. C. | ||
| 245 | 4 | _aThe local authority as objector to applications for modifcation or discharge of restrictive covenants | |
| 260 | _c1994 | ||
| 350 | _a0 | ||
| 490 |
_aJournal of Planning and Environment Law _vSeptember 1994, 792-797(6) |
||
| 520 | _aAnaylses cases where a local authority or other public body has pleaded its role as guardian or custodian of the public interest when objecting to applications for modification or discharge of restrictive covenants to the Lands Tribunal and examines the Tribunal`s approach to such an argument. (Journal abstract) | ||
| 650 | _aDISCHARGE | ||
| 650 | _aHOUSING ACT 1985 | ||
| 650 | _aLANDS TRIBUNAL | ||
| 650 | _aLAW OF PROPERTY ACT 1925 S84(1) | ||
| 650 | _aMODIFICATION | ||
| 650 | _aPUBLIC INTEREST | ||
| 650 | _aRE BEECHS APPLICATION | ||
| 650 | _aRE JONES AND WHITE & COMPANY APPLICATION | ||
| 650 | _aRE KALSIS APPLICATION | ||
| 650 | _aRE MARTINS APPLICATION | ||
| 650 | _aRE POULTON APPLICATION | ||
| 650 | _aRE QUARTLEYS APPLICATION | ||
| 650 | _aRE TOWNERS AND GODDARDS APPLICATION | ||
| 650 | _aRE WALLACE AND COMPANYS APPLICATION | ||
| 650 | _aRE WARDS CONSTRUCTION (MEDWAY) LTD APPLICATION | ||
| 650 | _aRESTRICTIVE COVENANTS | ||
| 690 | _aPROPERTY LAW AND PRACTICE | ||
| 942 | _n0 | ||
| 948 | _c04/03/1997 | ||
| 999 |
_c19139 _d19139 |
||